| 000 | 00414cam a22001217a 4500 | ||
|---|---|---|---|
| 008 | 180718b1992 xxu||||| |||| 00| 0 eng d | ||
| 082 | _aAPPPA 91-92 DAS | ||
| 100 | _aDas, R.K. | ||
| 245 |
_aAquisition of a vast area of land: a case study of Mahajan field firing range Rajasathan _cby R.K. Das |
||
| 260 |
_aNew Delhi _bIndian Institute of Public Administration _c1992 |
||
| 300 | _a119p. | ||
| 650 | _aLand Aquisition | ||
| 999 |
_c501607 _d501607 |
||